| 000 | 01212nac a22003497a 4500 | ||
|---|---|---|---|
| 001 | BR8400410 | ||
| 003 | BR-BrBNA | ||
| 005 | 20240105115924.0 | ||
| 008 | 230509b bl.|||m| |||| 00| 0 por d | ||
| 040 |
_aBR-BrBNA _bpor _cBiblioteca Nacional de Agricultura |
||
| 072 | _aH10 | ||
| 090 | _a0120 BR8400410 | ||
| 100 | 1 | _aCruz, I. | |
| 100 | 1 | _aWaquil, J.M. | |
| 100 | 1 | _aSantos, J.P. | |
| 100 | 1 | _aViana, P.A. | |
| 100 | 1 | _aSalgado, L.O. | |
| 110 | 1 |
_aCentro Nacional de Pesquisa de Milho e Sorgo, Sete Lagoas, MG (Brasil) _91790 |
|
| 245 | 1 | _aPragas da cultura do milho em condicoes de campo. Metodos de controle e manuseio de defensivos [Zea mays] | |
| 246 | 1 | _a[Corn weeds in field conditions. Control methods and pesticide management [Zea mays]] | |
| 260 | 3 |
_aSete Lagoas, MG (Brasil): _c1983. |
|
| 300 | _a75 p. | ||
| 490 |
_aCircular Tecnica - Centro Nacional de Pesquisa de Milho e Sorgo (Brazil) _vno. 10 _xISSN 0100-8013 |
||
| 500 | _a32 illus.; Bibliography p. 61-75 (148 ref.) | ||
| 650 | _aINSETO | ||
| 650 | _aDEFENSIVO | ||
| 650 | _aMILHO | ||
| 650 | _aTOXIDEZ | ||
| 650 | _aCONTROLE INTEGRADO | ||
| 909 |
_a202312 _bLúcia Elande _c55 _dLúcia Elande |
||
| 942 |
_2AGRIS _n0 _cMS |
||
| 999 |
_c277089 _d277089 |
||